| 000 | 00884nam a22002417a 4500 | ||
|---|---|---|---|
| 005 | 20210928162517.0 | ||
| 008 | 210928b ||||| |||| 00| 0 eng d | ||
| 020 | _a8185944105 | ||
| 040 | _cAL | ||
| 041 | _aeng | ||
| 082 |
_223 _a364.168 _bBASS |
||
| 100 |
_aDebashis Basu; Sucheta Dalal _9485 |
||
| 245 |
_aScam: _bWho won, who lost, who got away |
||
| 260 |
_aNew Delhi _bUBS Publishers Distributors Ltd _c1993 |
||
| 300 |
_axxi,294p. _bHB _c22x14cm. |
||
| 365 |
_b250 _c₹ _d250 _f2013/03/24 |
||
| 500 | _aGeneral | ||
| 520 |
_aAn attempt to analyze the events of the alleged scandal which took place in the Indian stock market during 1992. _uhttps://www.ebooknetworking.net/ebooks/the-scam-who-won-who-lost-who-got-away-sucheta.html |
||
| 650 |
_aStock Exchange _9486 |
||
| 650 |
_aStock Brokers _9487 |
||
| 700 |
_aBASU (Debashis);DALAL (Sucheta) _9488 |
||
| 942 |
_2ddc _cGF |
||
| 999 |
_c216417 _d216417 |
||